000
00221 a2200097 4500
001
2725
100
_a
Ayres, F-JR
245
_a
Theory and problems modern algebra
260
_a
_b
Migraw Hill book
_c
090
_c
2021
_d
2021
942
_a
NUST-CAE
_c
M
_c
11348
999
_c
237798
_d
237798